Negotiating India's landmark agreements/ (Record no. 750059)
[ view plain ]
| 000 -LEADER | |
|---|---|
| fixed length control field | 00332nam a22001217a 4500 |
| 020 ## - INTERNATIONAL STANDARD BOOK NUMBER | |
| ISBN | 9780143464983 |
| 082 ## - DEWEY DECIMAL CLASSIFICATION NUMBER | |
| Classification number | 327.54 BHA/N |
| 100 ## - MAIN ENTRY--AUTHOR NAME | |
| Personal name | Bhasin, A S |
| 245 ## - TITLE STATEMENT | |
| Title | Negotiating India's landmark agreements/ |
| Statement of responsibility, etc | by A.S. Bhasin |
| 260 ## - PUBLICATION, DISTRIBUTION, ETC. (IMPRINT) | |
| Place of publication | . - Haryana |
| Name of publisher | : Penguin Random House |
| Year of publication | , 2024 |
| 300 ## - PHYSICAL DESCRIPTION | |
| Number of Pages | xiv+385 pages |
| 942 ## - ADDED ENTRY ELEMENTS (KOHA) | |
| Source of classification or shelving scheme | Dewey Decimal Classification |
| Koha item type | Book |
| Withdrawn status | Lost status | Source of classification or shelving scheme | Damaged status | Not for loan | Home Library | Current Location | Date acquired | Full call number | Accession Number | Price effective from | Koha item type |
|---|---|---|---|---|---|---|---|---|---|---|---|
| Dewey Decimal Classification | Dept. of Political Science | Dept. of Political Science | 06/02/2025 | 327.54 BHA/N | POL23737 | 30/06/2025 | Book |
